000 00215nam a22000857a 4500
008 170620b xxu||||| |||| 00| 0 eng d
100 _93579
_aSrivastava. H. N
245 _aEarth Quakes
260 _aNew delhi
_bN. B. T
_c1983
999 _c6965
_d6965